Sports Quiz

Random Sports or Country Quiz

Cross Country Skiing Trivia Quiz Stats

 Plays Quiz not verified by Sporcle

Challenge
Share
Tweet
Embed
Score 0/20 Timer 10:00
0 Plays Today
% Correct
Classic
88.9%
Skate
67.7%
cross country
53%
Wood
46.1%
Mass Start
38.7%
V2
37.3%
V1
35.9%
Nose
33.2%
Atomic
27.6%
Photo Finish
26.3%
% Correct
Salomon
25.8%
Fisher
25.3%
Two Skate
19.8%
One Skate
18.4%
Shoulders
16.1%
Individual Start
13.4%
Free Skate
12.4%
Off Set
12%
Double Polling
10.1%
Diagonal Stride
8.3%

You're not logged in!

Compare scores with friends on all Sporcle quizzes.
Join for Free
OR
Log In

You Might Also Like...

Show Comments

Extras

Top Quizzes Today


Score Distribution

Your Account Isn't Verified!

In order to create a playlist on Sporcle, you need to verify the email address you used during registration. Go to your Sporcle Settings to finish the process.

Report this User

Report this user for behavior that violates our Community Guidelines.

Details: